NHL Norris Trophy Winners - Statistics

General Stats
  • This quiz has been taken 484 times
    113 since last reset
  • The average score is 17 of 33
Answer Stats
Answer % Correct
Cale Makar
93%
Bobby Orr
85%
Quinn Hughes
82%
Erik Karlsson
81%
Nicklas Lidstrom
75%
Victor Hedman
74%
P.K. Subban
71%
Ray Bourque
67%
Paul Coffey
63%
Duncan Keith
62%
Roman Josi
62%
Drew Doughty
60%
Adam Fox
58%
Larry Robinson
58%
Chris Pronger
56%
Brian Leetch
52%
Denis Potvin
52%
Zdeno Chara
51%
Al MacInnis
48%
Brent Burns
48%
Chris Chelios
48%
Scott Niedermayer
47%
Mark Giordano
38%
Doug Harvey
37%
Rob Blake
32%
Pierre Pilote
29%
Rod Langway
29%
Randy Carlyle
25%
Doug Wilson
22%
Red Kelly
22%
Harry Howell
19%
Tom Johnson
19%
Jacques Laperriere
16%
No matching quizzes found
Score Distribution
Percent of People with Each Score
Percentile by Number Answered
Your Score History
You have not taken this quiz since the last reset